New rules of measurement update (Record no. 114713)
[ view plain ]
| 000 -LEADER | |
|---|---|
| fixed length control field | 01063cad a22002295a 4500 |
| 001 - CONTROL NUMBER | |
| control field | L157304 |
| 008 - FIXED-LENGTH DATA ELEMENTS--GENERAL INFORMATION | |
| fixed length control field | 121015s2012 xxk f 001 0 eng d |
| 035 ## - SYSTEM CONTROL NUMBER | |
| System control number | (Sirsi) u157304 |
| 041 0# - LANGUAGE CODE | |
| Language code of text/sound track or separate title | eng |
| 110 1# - MAIN ENTRY--CORPORATE NAME | |
| Corporate name or jurisdiction name as entry element | The Joint Contracts Tribunal Limited |
| 245 00 - TITLE STATEMENT | |
| Title | New rules of measurement update |
| Remainder of title | issued August 2012 |
| Medium | [electronic resource] |
| 260 ## - PUBLICATION, DISTRIBUTION, ETC. | |
| Place of publication, distribution, etc. | [S.l.] |
| Name of publisher, distributor, etc. | JCT |
| Date of publication, distribution, etc. | 2012 |
| 520 ## - SUMMARY, ETC. | |
| Summary, etc. | This update from JCT is in response to the RICS New Rules of Measurement Detailed Measurement for Building Works ('NRM2') which were published in 2012 with a view to their replacing the Standard Method of Measurement for Building Works ('SMM7') from 1 January 2013. The update explains when to use NRM instead of SMM7 for relevant JCT contracts and sub-contracts. |
| 521 ## - TARGET AUDIENCE NOTE | |
| Target audience note | Advanced |
| 590 ## - LOCAL NOTE (RLIN) | |
| Local note | KA |
| 650 24 - SUBJECT ADDED ENTRY--TOPICAL TERM | |
| Topical term or geographic name entry element | RICS NEW RULES OF MEASUREMENT |
| 651 #4 - SUBJECT ADDED ENTRY--GEOGRAPHIC NAME | |
| Geographic name | International |
| 690 ## - LOCAL SUBJECT ADDED ENTRY--TOPICAL TERM (OCLC, RLIN) | |
| Topical term or geographic name as entry element | Contracts |
| 9 (RLIN) | 6232 |
| 690 ## - LOCAL SUBJECT ADDED ENTRY--TOPICAL TERM (OCLC, RLIN) | |
| Topical term or geographic name as entry element | Measurement |
| 9 (RLIN) | 6256 |
| 856 40 - ELECTRONIC LOCATION AND ACCESS | |
| Uniform Resource Identifier | <a href="https://www.jctltd.co.uk/new-rules-measurement.aspx">https://www.jctltd.co.uk/new-rules-measurement.aspx</a> |
| Public note | View this item free of charge at www.jctltd.co.uk |
| 942 ## - ADDED ENTRY ELEMENTS (KOHA) | |
| Suppress in OPAC | 0 |
| Withdrawn status | Lost status | Source of classification or shelving scheme | Damaged status | Not for loan | Home library | Current library | Shelving location | Date acquired | Total Checkouts | Full call number | Barcode | Date last seen | Copy number | Price effective from | Koha item type |
|---|---|---|---|---|---|---|---|---|---|---|---|---|---|---|---|
| Dewey Decimal Classification | Virtual | Virtual | Online | 15/10/2012 | ONLINE PUBLICATION | 157304-2001 | 06/08/2019 | 1 | 06/08/2019 | Book |